<?xml version="1.0" encoding="UTF-8"?>
<record
    xmlns:xsi="http://www.w3.org/2001/XMLSchema-instance"
    xsi:schemaLocation="http://www.loc.gov/MARC21/slim http://www.loc.gov/standards/marcxml/schema/MARC21slim.xsd"
    xmlns="http://www.loc.gov/MARC21/slim">

  <leader>03089nkm0a2200505   4500</leader>
  <controlfield tag="001">RU\NLR\BIBL_A\011793877</controlfield>
  <controlfield tag="005">20260408120122.0</controlfield>
  <datafield tag="020" ind1=" " ind2=" ">
    <subfield code="a">RU</subfield>
    <subfield code="b">44-2393 (&#x432;&#x44B;&#x43F;. 1944, N 3-4)</subfield>
    <subfield code="9">&#x41B;&#x435;&#x442;&#x43E;&#x43F;&#x438;&#x441;&#x44C; &#x438;&#x437;&#x43E;&#x438;&#x437;&#x434;&#x430;&#x43D;&#x438;&#x439; / &#x412;&#x41A;&#x41F;. - &#x41C;&#x43E;&#x441;&#x43A;&#x432;&#x430;, 1948. - &#x412;&#x44B;&#x43F;. 1944, N 3-4</subfield>
  </datafield>
  <datafield tag="035" ind1=" " ind2=" ">
    <subfield code="a">(NLR Aleph) 011793877</subfield>
  </datafield>
  <datafield tag="071" ind1="5" ind2="0">
    <subfield code="d">50 &#x43A;.</subfield>
  </datafield>
  <datafield tag="090" ind1=" " ind2=" ">
    <subfield code="a">13418445</subfield>
    <subfield code="c">13418445</subfield>
  </datafield>
  <datafield tag="100" ind1=" " ind2=" ">
    <subfield code="a">20180917d1944    u  y0rusy50      ca</subfield>
  </datafield>
  <datafield tag="101" ind1="0" ind2=" ">
    <subfield code="a">rus</subfield>
  </datafield>
  <datafield tag="102" ind1=" " ind2=" ">
    <subfield code="a">RU</subfield>
  </datafield>
  <datafield tag="116" ind1=" " ind2=" ">
    <subfield code="a">iiycxx    bi    ae</subfield>
  </datafield>
  <datafield tag="135" ind1=" " ind2=" ">
    <subfield code="a">crcn 024anaba</subfield>
  </datafield>
  <datafield tag="200" ind1="1" ind2=" ">
    <subfield code="a">&#x421; &#x41D;&#x43E;&#x432;&#x44B;&#x43C; &#x433;&#x43E;&#x434;&#x43E;&#x43C;! &#x421; &#x43D;&#x43E;&#x432;&#x44B;&#x43C;&#x438; &#x43F;&#x43E;&#x431;&#x435;&#x434;&#x430;&#x43C;&#x438;!</subfield>
    <subfield code="b">&#x418;&#x437;&#x43E;&#x43C;&#x430;&#x442;&#x435;&#x440;&#x438;&#x430;&#x43B;</subfield>
    <subfield code="e">&#x43E;&#x442;&#x43A;&#x440;&#x44B;&#x442;&#x43E;&#x435; &#x43F;&#x438;&#x441;&#x44C;&#x43C;&#x43E;</subfield>
    <subfield code="f">&#x445;&#x443;&#x434;.: &#x41F;. &#x413;&#x440;&#x438;&#x433;&#x43E;&#x440;&#x44C;&#x44F;&#x43D;&#x446;</subfield>
  </datafield>
  <datafield tag="210" ind1=" " ind2=" ">
    <subfield code="a">[&#x41B;&#x435;&#x43D;&#x438;&#x43D;&#x433;&#x440;&#x430;&#x434;]</subfield>
    <subfield code="c">&#x41B;&#x421;&#x421;&#x425;</subfield>
    <subfield code="d">1944</subfield>
    <subfield code="g">&#x41F;&#x43E;&#x43B;.-&#x43C;&#x430;&#x441;&#x442;. &#x41B;&#x421;&#x421;&#x425;</subfield>
  </datafield>
  <datafield tag="215" ind1=" " ind2=" ">
    <subfield code="a">1 &#x43B;.</subfield>
    <subfield code="c">&#x446;&#x432;. &#x43B;&#x438;&#x442;&#x43E;&#x433;&#x440;.</subfield>
    <subfield code="d">14,9&#x445;10,6</subfield>
  </datafield>
  <datafield tag="300" ind1=" " ind2=" ">
    <subfield code="a">&#x426;&#x435;&#x43D;&#x437;. &#x440;&#x430;&#x437;&#x440;&#x435;&#x448;&#x435;&#x43D;&#x438;&#x435;: &#x41C;04036</subfield>
  </datafield>
  <datafield tag="300" ind1=" " ind2=" ">
    <subfield code="a">&#x412; &#x432;&#x44B;&#x43F;. &#x434;&#x430;&#x43D;.: &#x417;&#x430;&#x43A;. &#x2116; 76</subfield>
  </datafield>
  <datafield tag="325" ind1=" " ind2=" ">
    <subfield code="a">&#x41A;&#x43E;&#x43F;&#x438;&#x44F; &#x434;&#x43E;&#x441;&#x442;&#x443;&#x43F;&#x43D;&#x430; &#x432; &#x42D;&#x43B;&#x435;&#x43A;&#x442;&#x440;&#x43E;&#x43D;. &#x431;-&#x43A;&#x435; &#x420;&#x41D;&#x411;</subfield>
  </datafield>
  <datafield tag="327" ind1="0" ind2=" ">
    <subfield code="a">&#x421;&#x43F;&#x430;&#x441;&#x441;&#x43A;&#x430;&#x44F; &#x431;&#x430;&#x448;&#x43D;&#x44F; &#x41C;&#x43E;&#x441;&#x43A;&#x43E;&#x432;&#x441;&#x43A;&#x43E;&#x433;&#x43E; &#x41A;&#x440;&#x435;&#x43C;&#x43B;&#x44F; &#x438; &#x43A;&#x440;&#x435;&#x43C;&#x43B;&#x435;&#x432;&#x441;&#x43A;&#x430;&#x44F; &#x441;&#x442;&#x435;&#x43D;&#x430; &#x43D;&#x430; &#x444;&#x43E;&#x43D;&#x435; &#x437;&#x432;&#x435;&#x437;&#x434;&#x43D;&#x43E;&#x433;&#x43E; &#x43D;&#x435;&#x431;&#x430; &#x438; &#x43E;&#x433;&#x43D;&#x435;&#x439; &#x444;&#x435;&#x439;&#x435;&#x440;&#x432;&#x435;&#x440;&#x43A;&#x430;</subfield>
  </datafield>
  <datafield tag="606" ind1="1" ind2=" ">
    <subfield code="a">&#x41F;&#x43E;&#x447;&#x442;&#x43E;&#x432;&#x44B;&#x435; &#x43E;&#x442;&#x43A;&#x440;&#x44B;&#x442;&#x43A;&#x438; &#x43C;&#x430;&#x440;&#x43A;&#x438;&#x440;&#x43E;&#x432;&#x430;&#x43D;&#x43D;&#x44B;&#x435; &#x445;&#x443;&#x434;&#x43E;&#x436;&#x435;&#x441;&#x442;&#x432;&#x435;&#x43D;&#x43D;&#x44B;&#x435;</subfield>
    <subfield code="y">&#x421;&#x421;&#x421;&#x420;</subfield>
    <subfield code="z">1941 - 1945</subfield>
    <subfield code="9">2592287</subfield>
    <subfield code="3">RU\NLR\AUTH\661531868</subfield>
  </datafield>
  <datafield tag="610" ind1="1" ind2=" ">
    <subfield code="a">&#x41F;&#x43E;&#x437;&#x434;&#x440;&#x430;&#x432;&#x438;&#x442;&#x435;&#x43B;&#x44C;&#x43D;&#x44B;&#x435; &#x43E;&#x442;&#x43A;&#x440;&#x44B;&#x442;&#x43A;&#x438;</subfield>
  </datafield>
  <datafield tag="610" ind1="1" ind2=" ">
    <subfield code="a">&#x41D;&#x43E;&#x432;&#x43E;&#x433;&#x43E;&#x434;&#x43D;&#x438;&#x435; &#x43E;&#x442;&#x43A;&#x440;&#x44B;&#x442;&#x43A;&#x438;</subfield>
  </datafield>
  <datafield tag="617" ind1=" " ind2=" ">
    <subfield code="a">&#x421;&#x421;&#x421;&#x420;</subfield>
    <subfield code="b">&#x420;&#x421;&#x424;&#x421;&#x420;</subfield>
    <subfield code="c">&#x41C;&#x43E;&#x441;&#x43A;&#x43E;&#x432;&#x441;&#x43A;&#x430;&#x44F; &#x43E;&#x431;&#x43B;&#x430;&#x441;&#x442;&#x44C;</subfield>
    <subfield code="d">&#x41C;&#x43E;&#x441;&#x43A;&#x432;&#x430;, &#x433;&#x43E;&#x440;&#x43E;&#x434;</subfield>
    <subfield code="e">&#x41A;&#x440;&#x435;&#x43C;&#x43B;&#x44C;</subfield>
    <subfield code="e">&#x421;&#x43F;&#x430;&#x441;&#x441;&#x43A;&#x430;&#x44F; &#x431;&#x430;&#x448;&#x43D;&#x44F;</subfield>
  </datafield>
  <datafield tag="686" ind1="1" ind2=" ">
    <subfield code="a">&#x429;153(2)7-489</subfield>
  </datafield>
  <datafield tag="700" ind1=" " ind2="1">
    <subfield code="4">040</subfield>
    <subfield code="a">&#x413;&#x440;&#x438;&#x433;&#x43E;&#x440;&#x44C;&#x44F;&#x43D;&#x446;</subfield>
    <subfield code="b">&#x41F;. &#x41F;.</subfield>
    <subfield code="c">&#x445;&#x443;&#x434;&#x43E;&#x436;&#x43D;&#x438;&#x43A;</subfield>
    <subfield code="f">1899-1986</subfield>
    <subfield code="g">&#x41F;&#x430;&#x442;&#x432;&#x430;&#x43A;&#x430;&#x43D; &#x41F;&#x435;&#x442;&#x440;&#x43E;&#x441;&#x43E;&#x432;&#x438;&#x447;</subfield>
    <subfield code="9">127223</subfield>
    <subfield code="3">RU\NLR\AUTH\770127247</subfield>
  </datafield>
  <datafield tag="712" ind1="0" ind2="2">
    <subfield code="4">650</subfield>
    <subfield code="a">&#x41B;&#x435;&#x43D;&#x438;&#x43D;&#x433;&#x440;&#x430;&#x434;&#x441;&#x43A;&#x438;&#x439; &#x441;&#x43E;&#x44E;&#x437; &#x445;&#x443;&#x434;&#x43E;&#x436;&#x43D;&#x438;&#x43A;&#x43E;&#x432;</subfield>
    <subfield code="3">RU\NLR\AUTH\889984698</subfield>
    <subfield code="9">465060</subfield>
  </datafield>
  <datafield tag="712" ind1="0" ind2="2">
    <subfield code="4">610</subfield>
    <subfield code="a">&#x41B;&#x435;&#x43D;&#x438;&#x43D;&#x433;&#x440;&#x430;&#x434;&#x441;&#x43A;&#x438;&#x439; &#x441;&#x43E;&#x44E;&#x437; &#x445;&#x443;&#x434;&#x43E;&#x436;&#x43D;&#x438;&#x43A;&#x43E;&#x432;</subfield>
    <subfield code="b">&#x41F;&#x43E;&#x43B;&#x438;&#x433;&#x440;&#x430;&#x444;&#x438;&#x447;&#x435;&#x441;&#x43A;&#x430;&#x44F; &#x43C;&#x430;&#x441;&#x442;&#x435;&#x440;&#x441;&#x43A;&#x430;&#x44F;</subfield>
    <subfield code="3">RU\NLR\AUTH\880384830</subfield>
    <subfield code="9">435978</subfield>
  </datafield>
  <datafield tag="830" ind1=" " ind2=" ">
    <subfield code="a">&#x421;&#x440;&#x430;&#x436;&#x430;&#x44E;&#x449;&#x438;&#x439;&#x441;&#x44F; &#x41B;&#x435;&#x43D;&#x438;&#x43D;&#x433;&#x440;&#x430;&#x434;. &#x41F;&#x43E;&#x447;&#x442;&#x43E;&#x432;&#x430;&#x44F; &#x43E;&#x442;&#x43A;&#x440;&#x44B;&#x442;&#x43A;&#x430; = Postcard. Leningrad in strugle : &#x44D;&#x43D;&#x446;&#x438;&#x43A;&#x43B;&#x43E;&#x43F;&#x435;&#x434;&#x438;&#x447;&#x435;&#x441;&#x43A;&#x438;&#x439; &#x43A;&#x430;&#x442;&#x430;&#x43B;&#x43E;&#x433; / &#x410;.&#x414;. &#x413;&#x434;&#x430;&#x43B;&#x438;&#x43D;, &#x41C;.&#x420;. &#x418;&#x432;&#x430;&#x43D;&#x43E;&#x432;&#x430; ; [&#x421;&#x43E;&#x44E;&#x437; &#x43F;&#x440;&#x43E;&#x444;. &#x43B;&#x438;&#x442;&#x435;&#x440;&#x430;&#x442;&#x43E;&#x440;&#x43E;&#x432; &#x420;&#x43E;&#x441;&#x441;&#x438;&#x438; &#x438; &#x434;&#x440;.]. - &#x421;&#x430;&#x43D;&#x43A;&#x442;-&#x41F;&#x435;&#x442;&#x435;&#x440;&#x431;&#x443;&#x440;&#x433; : &#x418;&#x43D;&#x444;&#x43E;-&#x414;&#x430;, 2007. - &#x2116; 561 (&#x441;. 108, 214). &#x410;.&#x42F;. &#x41E;&#x42D;&#x441;&#x442;</subfield>
  </datafield>
  <datafield tag="852" ind1="0" ind2="0">
    <subfield code="a">NLR</subfield>
    <subfield code="b">&#x42D;</subfield>
    <subfield code="j">&#x41E;&#x418;&#x440;702,1-3/1944-&#x413;</subfield>
    <subfield code="m">&#x42D;&#x43E;&#x442;99535</subfield>
  </datafield>
  <datafield tag="856" ind1=" " ind2="0">
    <subfield code="u">http://vivaldi.nlr.ru/lo000071857/view</subfield>
  </datafield>
  <datafield tag="856" ind1=" " ind2="1">
    <subfield code="u">http://vivaldi.nlr.ru/lo000071857/cover</subfield>
  </datafield>
  <datafield tag="856" ind1=" " ind2="2">
    <subfield code="u">http://vivaldi.nlr.ru/lo000071857/text</subfield>
  </datafield>
  <datafield tag="942" ind1=" " ind2=" ">
    <subfield code="c">VISUAL</subfield>
  </datafield>
  <datafield tag="945" ind1=" " ind2=" ">
    <subfield code="a">&#x420;&#x43E;&#x441;&#x441;&#x438;&#x439;&#x441;&#x43A;&#x430;&#x44F; &#x43D;&#x430;&#x446;&#x438;&#x43E;&#x43D;&#x430;&#x43B;&#x44C;&#x43D;&#x430;&#x44F; &#x431;&#x438;&#x431;&#x43B;&#x438;&#x43E;&#x442;&#x435;&#x43A;&#x430;</subfield>
  </datafield>
  <datafield tag="980" ind1=" " ind2=" ">
    <subfield code="a">NB</subfield>
  </datafield>
  <datafield tag="980" ind1=" " ind2=" ">
    <subfield code="a">BV</subfield>
  </datafield>
  <datafield tag="981" ind1="1" ind2="7">
    <subfield code="a">(17) &#x418;&#x437;&#x43E;&#x433;&#x440;&#x430;&#x444;&#x438;&#x447;&#x435;&#x441;&#x43A;&#x438;&#x435; &#x43C;&#x430;&#x442;&#x435;&#x440;&#x438;&#x430;&#x43B;&#x44B;</subfield>
    <subfield code="b">(17) &#x41E;&#x442;&#x43A;&#x440;&#x44B;&#x442;&#x43A;&#x438;</subfield>
  </datafield>
  <datafield tag="995" ind1=" " ind2=" ">
    <subfield code="5">2018-09-17</subfield>
    <subfield code="b">NLR02</subfield>
    <subfield code="c">NLR02</subfield>
    <subfield code="e">EST</subfield>
    <subfield code="f">ERR-123839</subfield>
    <subfield code="k">&#x42D; &#x41E;&#x418;&#x440;702,1-3/1944-&#x413;</subfield>
    <subfield code="o">0</subfield>
    <subfield code="r">VISUAL</subfield>
    <subfield code="s">_702131944</subfield>
  </datafield>
</record>
